Name all TTM Songs - Statistics

General Stats
  • This quiz has been taken 8 times
  • The average score is 22 of 27
Answer Stats
Album Feature Answer % Correct
300 SILVER 30Zona Idemo u Split
100%
Lipi Litnji EP Lagan Sam
100%
Kabare Lito je
100%
Lipi Litnji EP MDMA
100%
Singl Mali Japanac Naše Draži
100%
Kabare Oda Spidu
100%
Vrili Zimski EP Pleši
100%
Džungla Plesni Podij Gori
100%
Vrili Zimski EP Polomichu
100%
Lipi Litnji EP Pomalo
100%
Platinum Grše, Ruganje, Stipe Travarica, Mali Japanac Redaljka
100%
Kabare Mingo Hermano Stoka Sitnog Zuba
100%
Kabare TTM u Kući
100%
Džungla Balkan Hit
80%
Vrili Zimski EP Coco Chanel
80%
Kabare Krešo Bengalka Daj Sve Sta Imas
80%
Vrili Zimski EP Elitni Odredi
80%
Džungla WC Ratnici
80%
Kabare 1312
60%
Džungla After
60%
Kabare Grše Dream Team
60%
Kabare Nemoj me Dirat
60%
Kabare Niceg Nema
60%
Kabare Tempo
60%
Džungla Vodka Red Bull
60%
Kabare Brda
40%
Kabare Smuce
40%
No matching quizzes found
Score Distribution
Percent of People with Each Score
Percentile by Number Answered
Your Score History
You have not taken this quiz